000 01092nam a2200301Ia 4500
001 60052
003 IT-RoPAU
008 130308s9999 xx 000 0 und d
040 _aIT-RoPAU
040 _cIT-RoPAU
041 _aITALIANO
100 _aEsposito Elena
100 _gCodice Aut. SPICS: 21162
245 _aNegazione e modalità
245 _bSemantica e Comunicazione-L'Evoluzione delle Idee nella Prospettiva sociologica di Niklas Luhmann
250 _a1a ed.
260 _aBOLOGNA
260 _bClueb
260 _c1987 [1° Ed.:1987 - Ed.Ling.Originale:1987]
300 _a"51 p. (prefazione: no ; testo: 51 [pagine: 113-163])"
500 _aMondo Come Orizzonte negazione Bivalente Riflessività della negazione Funzione della Binarietà Modi del vero e del Falso Logica Classica Modalità Come Generalizzazioni Mondo del Possibile Appresentazione e Modalizzazione Tempo Come Modalità Rapporti tra Logica e Teoria Sociologica
650 _aSEMANTICA
650 _eCodice materia Spics: 3301
942 _cBK
957 _71
999 _c41663
_d41663
999 _bSI
999 _g1